Dôkaz imperiálnych ambícií PRavda o návrhu protiteroristického zákona v USA

Bibliographic Details
Format: Article
Language:Slovak
Subjects:

MARC

LEADER 00000nab a2200000 a 4500
001 vtls000241271
003 SK-MaSNL
005 20260302212110.0
008 111130c1986 xo 0 slo
015 |a SNBRB19rr/mm-uuuuu 
035 |a CL0251385 
040 |a SNKBUCL  |b slo  |c SNKBUCL  |e AACR2 
041 0 |a slo 
044 |a xo  |c SK 
080 |a 327(100-19)(73)  |2 1981 
245 0 0 |a Dôkaz imperiálnych ambícií  |b PRavda o návrhu protiteroristického zákona v USA 
650 0 7 |a zahraničná politika  |2 snkbucl  |9 971 
655 7 |a články z novín a časopisov  |2 snkbucl  |9 267496 
773 0 |t Pravda  |g Roč. 67, č. 57 (11. 3. 1986), s. 7 
850 |a Slovenská národná knižnica v Martine  |a MTA001 
852 |a SNK  |b KIS3GCP 
958 |a RK 
992 |a RBX 
999 |c 1487713  |d 1489643